Zachumlané pohádky /

Hlavní autor: Křesťanová, Lucie, 1968-
Další autoři: Študlarová, Zdeňka, 1972-
Jazyk: Čeština
Vydáno: Praha : Brána, 2016
Vydání: Vydání první
Témata:
Fyzický popis: 103 stran : barevné ilustrace ; 23 cm
Knihy
Uloženo v:
LEADER 01426nam a2200409 i 4500
001 nkc20162858463
003 CZ PrNK
005 20161216082059.0
007 ta
008 161128s2016 xr a b 000 f cze
015 |a cnb002858463 
020 |a 978-80-7243-900-3  |q (vázáno) 
035 |a (OCoLC)970631072 
040 |a OLA001  |b cze  |d ABA001  |e rda 
072 7 |a 821.162.3-3  |x Česká próza  |2 Konspekt  |9 25 
072 7 |a 821-93  |x Literatura pro děti a mládež (beletrie)  |2 Konspekt  |9 26 
080 |a 821.162.3-34  |2 MRF 
080 |a 821-93  |2 MRF 
080 |a (0:82-34)  |2 MRF 
100 1 |a Křesťanová, Lucie,  |d 1968-  |7 xx0147902  |4 aut 
245 1 0 |a Zachumlané pohádky /  |c Lucie Křesťanová ; ilustrace Zdeňka Študlarová 
250 |a Vydání první 
264 1 |a Praha :  |b Brána,  |c 2016 
300 |a 103 stran :  |b barevné ilustrace ;  |c 23 cm 
336 |a text  |b txt  |2 rdacontent 
337 |a bez média  |b n  |2 rdamedia 
338 |a svazek  |b nc  |2 rdacarrier 
655 7 |a české pohádky  |7 fd133970  |2 czenas 
655 7 |a publikace pro děti  |7 fd133156  |2 czenas 
655 9 |a Czech fairy tales  |2 eczenas 
655 9 |a children's literature  |2 eczenas 
700 1 |a Študlarová, Zdeňka,  |d 1972-  |7 mzk2002106083  |4 ill 
910 2 |a BOA001  |b 2-1379.059 
990 |a BK 
995 |a 01 
991 |b 201612  |c NOV 
996 6 |b 2610689438  |c 2-1379.059  |l MZK  |r Sklad / do 1 hodiny  |n 0  |p p.v.  |w 001590147  |u 000010  |a 1  |e BOA001  |j MZK50  |s P